[Event "Online Olym Top DivD 2021"]
[Site "chess.com INT"]
[Date "2021.09.10"]
[Round "9.1"]
[Board "4"]
[White "Castrillon Gomez, Melissa"]
[Black "Paikidze, Nazi"]
[Result "0-1"]
[WhiteTitle "WIM"]
[BlackTitle "IM"]
[WhiteElo "2212"]
[BlackElo "2374"]
[WhiteTeam "Colombia"]
[BlackTeam "United States of America"]
[WhiteFideId "4402413"]
[BlackFideId "13603620"]
[EventDate "2021.09.08"]
[EventType "team"]

1. d4 Nf6 2. c4 e6 3. Nf3 d5 4. g3 Bb4+ 5. Bd2 Be7 6. Bg2 O-O 7. O-O c6 8. Qc2
b6 9. Rd1 Nbd7 10. Be1 Ba6 11. Nbd2 c5 12. Ne5 cxd4 13. Nc6 Qe8 14. Qa4 Bb7 15.
cxd5 Nxd5 16. Nxe7+ Qxe7 17. Qxd4 Rad8 18. Nf3 Nc5 19. Qe5 a5 20. Nd4 Nd7 21.
Qe4 Ba8 22. Qc2 Rc8 23. Qa4 Ne5 24. e4 Rc4 25. Qb3 a4 26. Qb5 Qc5 27. Qxc5 bxc5
28. exd5 cxd4 29. b3 Rc2 30. Rxd4 Bxd5 31. Bxd5 exd5 32. Rxa4 d4 33. Kg2 d3 34.
Rd4 f6 35. a3 Rfc8 36. Bb4 Rb2 37. Rd1 Rcc2 38. Rf4 Rxb3 39. Bd6 Nf7 40. Bb4 Ne5
41. Bd6 Nc4 42. Bc5 Nb2 43. Re1 d2 44. Re8+ Kf7 45. Re7+ Kf8 46. Rd7+ Rxc5 47.
Rxd2 Nc4 48. Rdd4 Ne5 49. Ra4 Kf7 50. Rfd4 Ke6 51. Ra6+ Rc6 52. Ra7 Rb2 53. Rxg7
Rcc2 54. Rf4 Nd3 55. Re4+ Kf5 56. Re3 Rxf2+ 0-1

[Event "Online Olym Top DivD 2021"]
[Site "chess.com INT"]
[Date "2021.09.10"]
[Round "9.1"]
[Board "5"]
[White "Liang, Awonder"]
[Black "Avila Pavas, Santiago"]
[Result "1-0"]
[WhiteTitle "GM"]
[BlackTitle "IM"]
[WhiteElo "2590"]
[BlackElo "2395"]
[WhiteTeam "United States of America"]
[BlackTeam "Colombia"]
[WhiteFideId "2056437"]
[BlackFideId "4437128"]
[EventDate "2021.09.08"]
[EventType "team"]

1. e4 g6 2. d4 Bg7 3. Nc3 d6 4. Be3 a6 5. h4 h6 6. Qd2 Nf6 7. f3 b5 8. O-O-O Bb7
9. Kb1 Nbd7 10. g4 Nb6 11. Bd3 e6 12. Nh3 Qd7 13. Ne2 O-O-O 14. Nc1 Nc4 15. Bxc4
bxc4 16. Ne2 d5 17. e5 Ng8 18. h5 Ne7 19. hxg6 fxg6 20. Nf2 Rdf8 21. Rh3 Qb5 22.
Rdh1 Bc6 23. Nd1 Be8 24. Ndc3 Qd7 25. b3 g5 26. f4 Bg6 27. Kb2 Nc6 28. Na4 Qe8
29. Nc5 h5 30. gxh5 gxf4 31. Nxf4 Bf5 32. Rg3 Bh6 33. Nxd5 exd5 34. Bxh6 Rfg8
35. Rxg8 Qxg8 36. Be3 Qg4 37. h6 Rh7 38. Rg1 Qh4 39. Rg8+ Nd8 40. Qa5 c3+ 41.
Ka3 Rxh6 42. Bxh6 Qxh6 43. Qxa6+ Qxa6+ 44. Nxa6 Kd7 45. Nc5+ Ke7 46. Kb4 Bxc2
47. Kxc3 Bf5 48. Rg7+ 1-0

[Event "Online Olym Top DivD 2021"]
[Site "chess.com INT"]
[Date "2021.09.10"]
[Round "9.1"]
[Board "6"]
[White "Caicedo Anguila, Juliana"]
[Black "Cervantes Landeiro, Thalia"]
[Result "0-1"]
[BlackTitle "FM"]
[WhiteElo "1583"]
[BlackElo "2175"]
[WhiteTeam "Colombia"]
[BlackTeam "United States of America"]
[WhiteFideId "4451740"]
[BlackFideId "3520498"]
[EventDate "2021.09.08"]
[EventType "team"]

1. d4 Nf6 2. Nf3 g6 3. Bf4 d5 4. e3 Bg7 5. h3 O-O 6. Be2 c5 7. c3 b6 8. O-O Bb7
9. Nbd2 Nc6 10. Re1 Nd7 11. Bg3 e5 12. dxe5 Ndxe5 13. Nxe5 Nxe5 14. Nf3 Nc6 15.
Qb3 Na5 16. Qc2 Bf6 17. Rad1 Qe7 18. c4 Rfd8 19. b3 dxc4 20. Bxc4 Nxc4 21. Qxc4
Rac8 22. Qe2 Be4 23. Rxd8+ Rxd8 24. Rd1 h5 25. Rxd8+ Qxd8 26. Qd2 Bb1 27. Qxd8+
Bxd8 28. a3 Ba2 29. Nd2 b5 30. Bd6 c4 31. bxc4 bxc4 32. Ne4 f5 33. Nc3 Bb3 34.
Kf1 Kf7 35. Bc5 a5 36. Ke2 Ke6 37. Kd2 Kd7 38. Ne2 Kc6 39. Bf8 Bf6 40. Nd4+ Kd5
41. Nb5 Bb2 42. Nc3+ Kc6 43. Ne2 Kd7 44. Nc3 g5 45. Ne2 Ke6 46. Nd4+ Kf7 47. Bd6
c3+ 48. Kd3 Bd5 49. f3 g4 50. e4 fxe4+ 51. fxe4 Ba2 52. Nc2 Bb1 53. h4 Ke6 54.
Bc5 Ke5 55. g3 Ke6 56. Bf8 a4 57. Bc5 Ba2 58. Nd4+ Kd7 59. e5 Bb3 60. Nc2 Bg8
61. Bd6 Bh7+ 62. Ke2 Bxc2 63. Bb4 Bg6 64. Ke3 c2 0-1

[Event "Online Olym Top DivD 2021"]
[Site "chess.com INT"]
[Date "2021.09.10"]
[Round "9.2"]
[Board "2"]
[White "Wojtaszek, Radoslaw"]
[Black "Preotu, Razvan"]
[Result "0-1"]
[WhiteTitle "GM"]
[BlackTitle "GM"]
[WhiteElo "2698"]
[BlackElo "2485"]
[WhiteTeam "Poland"]
[BlackTeam "Canada"]
[WhiteFideId "1118358"]
[BlackFideId "2613280"]
[EventDate "2021.09.08"]
[EventType "team"]

1. e4 c5 2. Nf3 d6 3. Bb5+ Nd7 4. c3 Nf6 5. Bd3 e6 6. O-O a6 7. Bc2 b5 8. d4 Bb7
9. Re1 Be7 10. Nbd2 Qc7 11. Nf1 O-O 12. Ng3 Rfc8 13. Bd3 b4 14. Bd2 cxd4 15.
cxd4 d5 16. e5 Ne4 17. Nxe4 dxe4 18. Bxe4 Bxe4 19. Rxe4 Qc2 20. Re2 Qxd1+ 21.
Rxd1 Rc2 22. Rb1 Nb6 23. Kf1 Nd5 24. Ke1 a5 25. Kd1 Rcc8 26. Rc1 a4 27. Rxc8+
Rxc8 28. Bc1 b3 29. axb3 a3 30. Ne1 a2 31. Nc2 Rxc2 0-1

[Event "Online Olym Top DivD 2021"]
[Site "chess.com INT"]
[Date "2021.09.10"]
[Round "9.2"]
[Board "3"]
[White "Burtasova, Anna"]
[Black "Zawadzka, Jolanta"]
[Result "1-0"]
[WhiteTitle "WGM"]
[BlackTitle "WGM"]
[WhiteElo "2261"]
[BlackElo "2407"]
[WhiteTeam "Canada"]
[BlackTeam "Poland"]
[WhiteFideId "4150740"]
[BlackFideId "1122320"]
[EventDate "2021.09.08"]
[EventType "team"]

1. e4 e5 2. Bc4 Nc6 3. Nf3 Nf6 4. d3 h6 5. Bb3 d6 6. c3 g5 7. Nbd2 g4 8. Ng1 d5
9. Ne2 Be6 10. Ng3 Qd7 11. Ndf1 O-O-O 12. Qe2 h5 13. Bg5 Be7 14. Ne3 h4 15. Ngf5
dxe4 16. Nxe7+ Qxe7 17. dxe4 Rdg8 18. Nd5 Bxd5 19. exd5 Rxg5 20. dxc6 bxc6 21.
Qa6+ Kb8 22. Qxc6 e4 23. O-O-O Rc5 24. Qa6 Qe5 25. Kb1 Ra5 26. Qc4 Rf8 27. Qb4+
Rb5 28. Qxf8+ Kb7 29. Qxf7 1-0

[Event "Online Olym Top DivD 2021"]
[Site "chess.com INT"]
[Date "2021.09.10"]
[Round "9.2"]
[Board "4"]
[White "Cyfka, Karina"]
[Black "Ouellet, Maili-Jade"]
[Result "1-0"]
[WhiteTitle "IM"]
[BlackTitle "WGM"]
[WhiteElo "2405"]
[BlackElo "2254"]
[WhiteTeam "Poland"]
[BlackTeam "Canada"]
[WhiteFideId "1122681"]
[BlackFideId "2620472"]
[EventDate "2021.09.08"]
[EventType "team"]

1. d4 d5 2. c4 e6 3. Nf3 Nf6 4. Nc3 Be7 5. Bf4 O-O 6. Rc1 c6 7. e3 Nbd7 8. h3
Re8 9. cxd5 exd5 10. Bd3 Nf8 11. O-O Ng6 12. Bh2 Bd6 13. Bxd6 Qxd6 14. Qc2 Bd7
15. Rb1 Rac8 16. b4 b6 17. Rfd1 Qe7 18. Ba6 Rcd8 19. b5 c5 20. dxc5 Qxc5 21.
Rbc1 Bc8 22. Ne2 Bxa6 23. bxa6 Qa5 24. Qd3 Ne4 25. Rc7 Nc5 26. Qf5 Ne7 27. Qh5
g6 28. Qh4 Qxa6 29. Ned4 Rd7 30. Ng5 h5 31. Qf4 Rf8 32. Rxd7 Nxd7 33. g4 hxg4
34. hxg4 Qa4 35. Rf1 Nc8 36. Kg2 Qb4 37. Qh2 Kg7 38. Rh1 Nd6 39. Nge6+ fxe6 40.
Qh7+ Kf6 41. g5+ Ke5 42. Nc6+ Ke4 43. Nxb4 1-0

[Event "Online Olym Top DivD 2021"]
[Site "chess.com INT"]
[Date "2021.09.10"]
[Round "9.2"]
[Board "6"]
[White "Malicka, Maria"]
[Black "Demchenko, Svitlana"]
[Result "0-1"]
[WhiteTitle "FM"]
[BlackTitle "WIM"]
[WhiteElo "2311"]
[BlackElo "2285"]
[WhiteTeam "Poland"]
[BlackTeam "Canada"]
[WhiteFideId "1197576"]
[BlackFideId "14149893"]
[EventDate "2021.09.08"]
[EventType "team"]

1. e4 c5 2. Nf3 e6 3. d4 cxd4 4. Nxd4 Bc5 5. Nb5 Qb6 6. Be3 Bxe3 7. fxe3 Nc6 8.
Qd2 Nf6 9. Nd6+ Kf8 10. Nc3 Ng4 11. Nc4 Qd8 12. Be2 h5 13. Nd6 Nce5 14. Bxg4
Qh4+ 15. g3 Qxg4 16. O-O f6 17. Qd4 Kg8 18. Rf4 Qg6 19. Kh1 b6 20. Nc4 Nc6 21.
Qd2 Kh7 22. Raf1 Rd8 23. Nd6 Ba6 24. Rg1 Ne5 25. b3 Qh6 26. Ne2 g5 27. Rf2 Qg6
28. Nd4 Rg8 29. c4 Rab8 30. Rgf1 Rgf8 31. Nf3 Ng4 32. Rg2 Bb7 33. Qd4 Qg7 34. h3
Nh6 35. Nd2 Qg6 36. Rgf2 f5 37. Nxb7 Rxb7 38. exf5 Nxf5 39. Qe5 d6 40. Rxf5 dxe5
41. Rxf8 Rd7 42. R1f2 g4 43. h4 Kg7 44. Kh2 Rxd2 45. Rxd2 Kxf8 46. Rf2+ Ke7 47.
Rd2 Qe4 0-1

[Event "Online Olym Top DivD 2021"]
[Site "chess.com INT"]
[Date "2021.09.10"]
[Round "9.3"]
[Board "2"]
[White "Fernandez De La Vara, Arnaldo"]
[Black "El Debs, Felipe de Cresce"]
[Result "0-1"]
[WhiteTitle "IM"]
[BlackTitle "GM"]
[WhiteElo "2485"]
[BlackElo "2553"]
[WhiteTeam "Cuba"]
[BlackTeam "Brazil"]
[WhiteFideId "3518388"]
[BlackFideId "2106981"]
[EventDate "2021.09.08"]
[EventType "team"]

1. Nf3 Nf6 2. g3 e6 3. Bg2 d5 4. O-O Be7 5. b3 O-O 6. Bb2 b6 7. c4 Bb7 8. cxd5
Nxd5 9. d4 Nd7 10. Re1 N5f6 11. Nc3 c5 12. e4 cxd4 13. Nxd4 Ne5 14. Qe2 Bc5 15.
Red1 Qe7 16. Na4 Bxd4 17. Rxd4 Nc6 18. Rd2 Rfd8 19. Rad1 Rxd2 20. Rxd2 Rd8 21.
Nc3 Nd4 22. Qd1 e5 23. Nd5 Nxd5 24. exd5 Bxd5 25. Bxd4 Bxg2 26. Bxb6 Rxd2 27.
Qxd2 Bh3 28. Bxa7 h6 29. Qe3 Qd7 30. Qf3 Qd2 31. Qa8+ Kh7 32. Qe4+ f5 33. Qb1
Qd5 34. f3 Qxf3 0-1

[Event "Online Olym Top DivD 2021"]
[Site "chess.com INT"]
[Date "2021.09.10"]
[Round "9.3"]
[Board "3"]
[White "Terao, Juliana Sayumi"]
[Black "Forgas Moreno, Yaniela"]
[Result "0-1"]
[WhiteTitle "FM"]
[BlackTitle "WIM"]
[WhiteElo "2252"]
[BlackElo "2310"]
[WhiteTeam "Brazil"]
[BlackTeam "Cuba"]
[WhiteFideId "2109220"]
[BlackFideId "3508072"]
[EventDate "2021.09.08"]
[EventType "team"]

1. e4 c5 2. c3 d6 3. d4 Nf6 4. Bd3 Nc6 5. Nf3 g6 6. d5 Nb8 7. h3 Bg7 8. O-O O-O
9. Re1 Qc7 10. c4 e5 11. Nc3 Nh5 12. a3 Qe7 13. b4 Nd7 14. Rb1 h6 15. Be3 f5 16.
bxc5 dxc5 17. exf5 gxf5 18. Nh2 Qf7 19. Be2 Nhf6 20. Bd2 Ne8 21. Bh5 Qf6 22. a4
a6 23. a5 Nd6 24. Be2 e4 25. Na4 Qh4 26. g3 Qe7 27. Bf4 Ne5 28. Nb6 Rb8 29. Qc1
Qf6 30. Be3 f4 31. Bxf4 Bxh3 32. Qe3 Ng6 33. Bxd6 Qxd6 34. Na4 Bd4 35. Qxe4 Rxf2
36. Kh1 Qxg3 0-1

[Event "Online Olym Top DivD 2021"]
[Site "chess.com INT"]
[Date "2021.09.10"]
[Round "9.3"]
[Board "4"]
[White "Linares Napoles, Oleiny"]
[Black "Alboredo, Julia"]
[Result "1-0"]
[WhiteTitle "WGM"]
[BlackTitle "WFM"]
[WhiteElo "2255"]
[BlackElo "2183"]
[WhiteTeam "Cuba"]
[BlackTeam "Brazil"]
[WhiteFideId "3504794"]
[BlackFideId "2124807"]
[EventDate "2021.09.08"]
[EventType "team"]

1. d4 Nf6 2. Bf4 d5 3. e3 c5 4. c3 Nc6 5. Nd2 Qb6 6. Qb3 e6 7. Be2 c4 8. Qc2 Qd8
9. h3 Bd6 10. Bxd6 Qxd6 11. f4 O-O 12. Ngf3 Rb8 13. O-O b5 14. a3 a5 15. Ne5 b4
16. axb4 axb4 17. e4 bxc3 18. bxc3 Nxe4 19. Nxe4 dxe4 20. Nxc4 Qd5 21. Ne3 Qb3
22. Qd2 Qb2 23. Qe1 Rb3 24. Rc1 Nxd4 25. Bc4 Nf5 26. Bxb3 Qxb3 27. Rb1 Qa3 28.
Nxf5 exf5 29. Qe3 Ba6 30. Ra1 Qd6 31. Rfb1 Bd3 32. Rb3 g6 33. Rba3 Qc6 34. Qd4
Rc8 35. Qe5 Qc5+ 36. Qxc5 Rxc5 37. Kf2 h6 38. Ke3 g5 39. g3 Kg7 40. Kd2 Rc6 41.
Ra5 Kg6 42. Ra8 Rb6 43. R8a2 Bc4 44. Ra8 Rb2+ 45. Ke3 Rg2 46. Kd4 Be6 47. fxg5
hxg5 48. c4 Rd2+ 49. Kc5 Rc2 50. R8a4 e3 51. Kd4 e2 52. Kd3 Rb2 53. Kc3 Rb8 54.
Re1 f4 55. gxf4 gxf4 56. Rxe2 Bxh3 57. c5 f3 58. Rf2 Bg2 59. c6 Rc8 60. Rc4 Kf6
61. c7 Ke7 62. Kb4 Kd6 63. Rd2+ Ke7 64. Ka5 f2 65. Rxf2 Bd5 66. Rc5 Be6 67. Rfc2
Ra8+ 68. Kb6 Bc8 69. Rd2 Ra6+ 70. Kb5 Ra8 71. Rd8 Bd7+ 72. Rxd7+ Kxd7 73. Kb6 f5
74. Rxf5 Ra1 75. Rd5+ Ke6 76. Rd8 Rb1+ 77. Ka5 Ra1+ 78. Kb4 Rb1+ 79. Ka3 1-0

[Event "Online Olym Top DivD 2021"]
[Site "chess.com INT"]
[Date "2021.09.10"]
[Round "9.3"]
[Board "5"]
[White "Labussiere, Victor"]
[Black "Alvarez Calzadilla, Jose Avelino"]
[Result "0-1"]
[WhiteTitle "FM"]
[BlackTitle "FM"]
[WhiteElo "2291"]
[BlackElo "2287"]
[WhiteTeam "Brazil"]
[BlackTeam "Cuba"]
[WhiteFideId "2183129"]
[BlackFideId "3526151"]
[EventDate "2021.09.08"]
[EventType "team"]

1. Nf3 c5 2. c4 g6 3. d4 cxd4 4. Nxd4 Nc6 5. e4 Nf6 6. Nc3 Nxd4 7. Qxd4 d6 8.
Be2 Bg7 9. Bd2 O-O 10. Qe3 Be6 11. Rc1 a6 12. b3 Qb8 13. a4 Nd7 14. O-O Nc5 15.
Nd5 Bxd5 16. exd5 a5 17. Rce1 Qc7 18. f4 Qb6 19. Rb1 e6 20. dxe6 Rae8 21. Qf2
Rxe6 22. Bf3 Rfe8 23. Kh1 Qc7 24. Qh4 Ne4 25. Bxe4 Rxe4 26. Rbe1 Qb6 27. Rxe4
Rxe4 28. Qh3 f5 29. Qd3 Qc5 30. Re1 Qf2 31. Rf1 Rd4 32. Rxf2 Rxd3 33. g3 b6 34.
b4 Bc3 35. Bxc3 Rxc3 36. bxa5 bxa5 37. Rd2 Rxc4 38. Rxd6 Rxa4 39. Rd7 Ra2 40.
Kg1 a4 41. Ra7 h5 42. h3 Kf8 43. Ra6 Kf7 44. Kh1 a3 45. Kg1 Ke7 46. Kf1 Kd7 47.
Ke1 Kc7 48. Kd1 Kb7 49. Ra4 Kb6 50. Kc1 Kb5 51. Ra8 Kb4 0-1

[Event "Online Olym Top DivD 2021"]
[Site "chess.com INT"]
[Date "2021.09.10"]
[Round "9.3"]
[Board "6"]
[White "Hernandez Gil, Ineymig"]
[Black "Frattini, Beatriz Maria"]
[Result "1-0"]
[WhiteTitle "WFM"]
[BlackTitle "WCM"]
[WhiteElo "2348"]
[BlackElo "1847"]
[WhiteTeam "Cuba"]
[BlackTeam "Brazil"]
[WhiteFideId "3526216"]
[BlackFideId "22715002"]
[EventDate "2021.09.08"]
[EventType "team"]

1. e4 c5 2. Nc3 d6 3. f4 Nc6 4. Nf3 g6 5. Bc4 Bg7 6. O-O e6 7. d3 Nge7 8. Qe1
Nd4 9. Nxd4 cxd4 10. Ne2 O-O 11. Ng3 Rb8 12. Bb3 Nc6 13. Bd2 a5 14. f5 b5 15. a4
b4 16. Qf2 exf5 17. exf5 Ne5 18. f6 Bh8 19. Ne4 Ng4 20. Qf4 d5 21. Bxd5 Bf5 22.
Bc4 Bxf6 23. Nxf6+ Qxf6 24. Qxg4 Bxg4 25. Rxf6 Kg7 26. Rd6 Rbd8 27. Rxd8 Rxd8
28. Re1 Rd6 29. h3 Bd7 30. b3 Be6 31. Bxe6 fxe6 32. Bf4 Rc6 33. Be5+ Kf7 34. Re2
Ke7 35. Bxd4 Kd6 36. Kf2 Kd5 37. Be5 Rc8 38. Ke1 Rc6 39. Kd2 Rc8 40. Bg3 1-0

[Event "Online Olym Top DivD 2021"]
[Site "chess.com INT"]
[Date "2021.09.10"]
[Round "9.4"]
[Board "1"]
[White "Bok, Benjamin"]
[Black "Cori, Jorge"]
[Result "0-1"]
[WhiteTitle "GM"]
[BlackTitle "GM"]
[WhiteElo "2619"]
[BlackElo "2654"]
[WhiteTeam "Netherlands"]
[BlackTeam "Peru"]
[WhiteFideId "1017063"]
[BlackFideId "3802272"]
[EventDate "2021.09.08"]
[EventType "team"]

1. d4 Nf6 2. c4 c6 3. Nf3 d5 4. cxd5 cxd5 5. Nc3 Nc6 6. Bf4 a6 7. Rc1 e6 8. e3
Bd6 9. Bd3 Bxf4 10. exf4 O-O 11. O-O Bd7 12. Qe2 Rc8 13. Rfd1 b5 14. Qe3 Qb6 15.
h3 Rc7 16. Bb1 Rfc8 17. Ne5 Ne7 18. g4 Be8 19. Ne2 b4 20. Rxc7 Rxc7 21. Ng3 Ba4
22. b3 Bb5 23. f5 exf5 24. Bxf5 Nxf5 25. Nxf5 Ne4 26. f3 Nd6 27. Nxd6 Qxd6 28.
Qf4 Qe7 29. Re1 Qh4 30. Nd3 Rc8 31. Nf2 h6 32. Kg2 Rc2 33. Qe3 Rxa2 34. f4 Rc2
35. Rc1 Re2 36. Rc8+ Kh7 37. Qf3 Qf6 38. g5 Qxd4 39. f5 Qe4 40. Rc7 hxg5 41.
Rxf7 Kg8 42. Ra7 Rb2 43. Kg3 Qe5+ 44. Kg2 Be2 45. Qg3 Qxg3+ 46. Kxg3 Rxb3+ 47.
Kg2 Rc3 48. Rd7 b3 49. Rxd5 b2 0-1

[Event "Online Olym Top DivD 2021"]
[Site "chess.com INT"]
[Date "2021.09.10"]
[Round "9.4"]
[Board "2"]
[White "Martinez Alcantara, Jose Eduardo"]
[Black "Van den Doel, Erik"]
[Result "0-1"]
[WhiteTitle "GM"]
[BlackTitle "GM"]
[WhiteElo "2620"]
[BlackElo "2599"]
[WhiteTeam "Peru"]
[BlackTeam "Netherlands"]
[WhiteFideId "3805662"]
[BlackFideId "1003720"]
[EventDate "2021.09.08"]
[EventType "team"]

1. e4 e5 2. Nf3 Nc6 3. Bb5 a6 4. Ba4 Nf6 5. O-O Be7 6. d3 d6 7. c3 O-O 8. Nbd2
b5 9. Bc2 d5 10. Re1 d4 11. cxd4 exd4 12. Nf1 Nb4 13. a4 Bg4 14. Bb3 c5 15. h3
Bxf3 16. Qxf3 c4 17. dxc4 bxc4 18. Bxc4 Nc2 19. Bf4 Qa5 20. Rec1 Nxa1 21. Rxa1
Rac8 22. Bd3 Nd7 23. e5 Nxe5 24. Qh5 f5 25. Bxe5 Qxe5 26. Bxa6 Rc2 27. Qf3 Rxb2
28. Bd3 Bb4 29. Ng3 Kh8 30. Ne2 Re8 31. Nf4 Be1 32. Qh5 Bxf2+ 33. Kh1 Rb6 34.
Rf1 Rh6 35. Qf7 Rf6 36. Qd7 Be3 37. Nh5 Rd6 38. Qc7 Rdd8 39. Qb7 g6 40. g4 Qe7
41. Qc6 gxh5 42. Rxf5 Rc8 43. Qd5 Red8 44. Qf3 hxg4 45. Qxg4 Rg8 46. Qh5 Rg1+
47. Kh2 Qc7+ 48. Re5 Rcg8 49. Be4 Bf4# 0-1

[Event "Online Olym Top DivD 2021"]
[Site "chess.com INT"]
[Date "2021.09.10"]
[Round "9.4"]
[Board "3"]
[White "Lanchava, Tea"]
[Black "Chumpitaz, Ann"]
[Result "1-0"]
[WhiteTitle "IM"]
[BlackTitle "WIM"]
[WhiteElo "2214"]
[BlackElo "2244"]
[WhiteTeam "Netherlands"]
[BlackTeam "Peru"]
[WhiteFideId "1005308"]
[BlackFideId "3804178"]
[EventDate "2021.09.08"]
[EventType "team"]

1. c4 Nf6 2. Nc3 g6 3. g3 Bg7 4. Bg2 O-O 5. d3 c6 6. e4 d5 7. cxd5 cxd5 8. e5
Nfd7 9. d4 e6 10. Nf3 b6 11. O-O Ba6 12. Re1 Nc6 13. Bg5 Qc7 14. Rc1 Qb7 15. a3
Rfe8 16. b4 Bc4 17. Qd2 b5 18. Bh6 a5 19. Rb1 axb4 20. axb4 Ra3 21. Rec1 Qa7 22.
Bxg7 Kxg7 23. h4 h5 24. Qf4 Ne7 25. Bh3 Nf5 26. Bxf5 exf5 27. Nd2 Nb6 28. Nxc4
Rxc3 29. Rxc3 Nxc4 30. Re1 Re6 31. Qg5 Qa2 32. Rf3 Qb2 33. Rxf5 Qxb4 34. Ra1 Na3
35. Rf6 Qb2 36. Rf1 Qxd4 37. Rxe6 fxe6 38. Qf6+ Kh6 39. Qh8# 1-0

[Event "Online Olym Top DivD 2021"]
[Site "chess.com INT"]
[Date "2021.09.10"]
[Round "9.4"]
[Board "4"]
[White "Aliaga Fernandez, Ingrid Y"]
[Black "Keetman, Maaike"]
[Result "1-0"]
[WhiteTitle "WIM"]
[BlackTitle "WFM"]
[WhiteElo "2201"]
[BlackElo "2136"]
[WhiteTeam "Peru"]
[BlackTeam "Netherlands"]
[WhiteFideId "3802191"]
[BlackFideId "1033697"]
[EventDate "2021.09.08"]
[EventType "team"]

1. e4 e6 2. d4 d5 3. Nc3 Bb4 4. e5 c5 5. a3 Bxc3+ 6. bxc3 Qa5 7. Bd2 Qa4 8. Nf3
b6 9. Bd3 Ba6 10. Bxa6 Qxa6 11. Qe2 Qxe2+ 12. Kxe2 cxd4 13. cxd4 Nc6 14. Rhc1
Nge7 15. c4 dxc4 16. Rxc4 O-O 17. Rac1 Rac8 18. a4 h6 19. h3 Rfd8 20. g4 a6 21.
Kd3 Kf8 22. Ke4 Ke8 23. h4 Rd5 24. h5 Kd7 25. Be3 Na5 26. Rxc8 Nxc8 27. g5 hxg5
28. Nxg5 Ne7 29. Nxf7 Nf5 30. Ng5 Nb3 31. Rd1 Nc5+ 32. Kf3 Nxa4 33. Ne4 b5 34.
h6 gxh6 35. Nf6+ Kc6 36. Rc1+ Kb6 37. Nxd5+ exd5 38. e6 b4 39. Kf4 Ne7 40. Ke5
Nc3 41. Kd6 Nf5+ 42. Kd7 Ne4 43. e7 b3 44. Rb1 Nf6+ 45. Ke6 Nxe7 46. Rxb3+ 1-0

[Event "Online Olym Top DivD 2021"]
[Site "chess.com INT"]
[Date "2021.09.10"]
[Round "9.4"]
[Board "5"]
[White "Kevlishvili, Robby"]
[Black "Quirhuayo Chumbe, German Gonzalo"]
[Result "0-1"]
[WhiteTitle "GM"]
[BlackTitle "IM"]
[WhiteElo "2506"]
[BlackElo "2296"]
[WhiteTeam "Netherlands"]
[BlackTeam "Peru"]
[WhiteFideId "1040634"]
[BlackFideId "3813509"]
[EventDate "2021.09.08"]
[EventType "team"]

1. e4 c5 2. Nf3 d6 3. d4 Nf6 4. Nc3 cxd4 5. Nxd4 a6 6. h4 e6 7. g4 b5 8. a3 Bb7
9. Qe2 Nfd7 10. Bg2 Nc6 11. Nxc6 Bxc6 12. Bf4 Nb6 13. O-O-O Nc4 14. Nd5 Rc8 15.
g5 Qa5 16. Rh3 Bd7 17. Ne3 e5 18. Nxc4 bxc4 19. Bd2 Qb5 20. Rg3 c3 21. Qxb5
cxd2+ 22. Rxd2 Bxb5 23. b3 Be7 24. Kb2 O-O 25. Bh3 Rc7 26. h5 g6 27. a4 Bd7 28.
Bf1 gxh5 29. Bxa6 h4 30. Rg1 Kg7 31. Bf1 Kg6 32. f3 Rb8 33. Ka2 Rc3 0-1

[Event "Online Olym Top DivD 2021"]
[Site "chess.com INT"]
[Date "2021.09.10"]
[Round "9.4"]
[Board "6"]
[White "Caballero Quijano, Mitzy Mishell"]
[Black "Roebers, Eline"]
[Result "1-0"]
[WhiteTitle "WIM"]
[WhiteElo "1996"]
[BlackElo "2297"]
[WhiteTeam "Peru"]
[BlackTeam "Netherlands"]
[WhiteFideId "3807223"]
[BlackFideId "1058401"]
[EventDate "2021.09.08"]
[EventType "team"]

1. d4 f5 2. Nf3 Nf6 3. c4 g6 4. b4 Bg7 5. Nc3 O-O 6. e3 d6 7. Qb3 Kh8 8. Bd3 e5
9. dxe5 dxe5 10. Be2 e4 11. Nd4 Qe7 12. Bb2 Nbd7 13. c5 Ne5 14. O-O g5 15. Rfe1
c6 16. a4 Bd7 17. b5 Rad8 18. a5 Bc8 19. a6 bxa6 20. bxc6 Qc7 21. Bxa6 Nxc6 22.
Bxc8 Rxc8 23. Ne6 Qf7 24. Nb5 Rfe8 25. Nd6 Qxe6 26. Qxe6 Rxe6 27. Nxc8 Nb4 28.
Rxa7 Nd3 29. Bxf6 Bxf6 30. Rb1 Nxc5 31. Nb6 Be7 32. Nd5 Bf8 33. Rb8 Kg8 34. g3
Nd3 35. Ne7+ Kf7 36. Nxf5+ Kg8 37. Ne7+ Kf7 38. Nd5+ Kg8 39. Raa8 Ne1 40. Rxf8+
Kg7 41. Rg8+ Kh6 42. Raf8 Nf3+ 43. Kh1 Re5 44. g4 Nh4 45. Rf6+ Ng6 46. Rd6 Re6
47. Rd7 Rc6 48. h3 Nh4 49. Rf7 Ng6 50. Kh2 Rd6 51. Ne7 Rf6 52. Nf5+ Rxf5 53.
gxf5 Nh4 54. Rf6+ Kh5 55. Rf7 h6 56. f6 Nf3+ 57. Kg3 Ng1 58. Rh7 Ne2+ 59. Kg2
Nc3 60. f7 Nd5 61. f8=Q Kh4 62. Qxh6# 1-0

[Event "Online Olym Top DivD 2021"]
[Site "chess.com INT"]
[Date "2021.09.10"]
[Round "9.5"]
[Board "1"]
[White "Howell, David W L"]
[Black "Gokerkan, Cem Kaan"]
[Result "0-1"]
[WhiteTitle "GM"]
[BlackTitle "IM"]
[WhiteElo "2658"]
[BlackElo "2465"]
[WhiteTeam "England"]
[BlackTeam "Turkey"]
[WhiteFideId "410608"]
[BlackFideId "6336760"]
[EventDate "2021.09.08"]
[EventType "team"]

1. d4 Nf6 2. c4 e6 3. Nc3 Bb4 4. Qc2 d5 5. cxd5 exd5 6. Bg5 h6 7. Bh4 c5 8. dxc5
Nc6 9. e3 g5 10. Bg3 Ne4 11. Bd3 Nxg3 12. hxg3 d4 13. exd4 Qxd4 14. Rc1 Bg4 15.
Nf3 Qxc5 16. O-O O-O 17. a3 Bxc3 18. Qxc3 Qxc3 19. Rxc3 Rad8 20. Rfc1 Nd4 21.
Ne5 Be2 22. Re1 Rfe8 23. f4 Bxd3 24. Rxd3 f6 25. Kh2 fxe5 26. fxe5 Ne6 27. Rc3
Rd2 28. b4 Rf8 29. Rg1 Nd4 30. Re3 Nf3+ 0-1